[Event "POL-ch U18"]
[Site "Jastrzebia Gora"]
[Date "2023.??.??"]
[Round "4"]
[White "Budzisz, Adrian"]
[Black "Karolczuk, Iwo"]
[Result "1/2-1/2"]
[WhiteElo "2069"]
[BlackElo "2346"]
[PlyCount "31"]
[EventDate "2023.03.11"]
[EventType "swiss"]
[EventRounds "9"]
[EventCountry "POL"]
[SourceTitle "CBM 213 Extra"]
[Source "ChessBase"]
[SourceDate "2023.05.31"]
[SourceVersion "1"]
[SourceVersionDate "2023.05.31"]
[SourceQuality "1"]

1. d4 Nf6 2. c4 e6 3. Nf3 b6 4. g3 Ba6 5. b3 Bb4+ 6. Bd2 Be7 7. Nc3 d5 8. cxd5 exd5 9. Bg2 0-0 10. 0-0 Nbd7 11. a3 Bb7 12. Bf4 Nh5 13. Bc1 Nhf6 14. Bf4 Nh5 15. Bc1 Nhf6 16. Bf4 1/2-1/2